000 00852nam a22002657a 4500
003 URS
005 20250128222837.0
008 250123b |||||||| |||| 00| 0 eng d
020 _a978-1-003-33074-5
040 _cURS
050 0 0 _aHV 473
_b.So1312 2023
245 1 0 _aSocial Work Practice In Health:
_bAn Introduction to Contexts, Theories and Skills/
_cEdited by Melissa Petrakis
250 _aSecond Edition
264 1 _aRoutledge, New York
_bRoutledge
_c@2023
300 _axiii, 210 pages,
_billustrations,
_c24cm.
336 _2rdacontent
_atext
337 _2rdamedia
_aunmediated
338 _2rdacarrier
_avolume
504 _aIt includes Index.
650 _2Social service--Australia.
650 _2Public health--Australia.
650 _2Medical social work--Australia.
700 _aPetrakis, Melissa
_eeditor
942 _2lcc
_cFR
999 _c81874
_d81873